Flattest Countries Quiz Stats

 Plays Quiz Updated Oct 28, 2018

Score 0/25 Timer 05:00
0 Plays Today
Rank Country % Correct
5.Vatican City
64%
21.Netherlands
63.4%
11.Monaco
52.2%
24.Luxembourg
44.3%
1.Maldives
43.2%
2.Tuvalu
39%
6.Nauru
39%
13.Palau
37%
14.Malta
36.5%
12.Singapore
35.9%
7.Bahamas
35.7%
3.Marshall Islands
35%
8.Kiribati
34.4%
Rank Country % Correct
9.Qatar
31.2%
22.Barbados
29.6%
18.Kuwait
29.1%
10.Bahrain
28.9%
19.Latvia
27.7%
20.Estonia
27.5%
16.Lithuania
26.8%
23.Antigua and Barbuda
23%
15.Belarus
17.7%
4.The Gambia
16.5%
25.Moldova
14.9%
17.Guinea-Bissau
10.4%

You're not logged in!

Compare scores with friends on all Sporcle quizzes.
OR
Log In

Sporcle TV

Today on Sporcle TV


Watch our educational content, quiz creation guides, and fun videos on Sporcle TV.

Show Comments

Extras

Top Quizzes Today


Score Distribution

Your Account Isn't Verified!

In order to create a playlist on Sporcle, you need to verify the email address you used during registration. Go to your Sporcle Settings to finish the process.

Report this User

Report this user for behavior that violates our Community Guidelines.

Details: